000
00263nam a2200109Ia 4500
999
_c
8199
_d
8199
020
_a
978-1571691606
100
_a
Robert Lafore
245
4
_a
The Waite Group's Object - Oriented Programming in C++
260
_a
UK
_b
McGraw Hill
_c
2000
300
_a
693
942
_c
BK